| 000 | 005460000a22001810004500 | ||
|---|---|---|---|
| 003 | MACL | ||
| 005 | 20160412164712.0 | ||
| 008 | 160412b xxu||||| |||| 00| 0 eng d | ||
| 040 |
_aMACL _cMACL |
||
| 041 | _aHindi | ||
| 082 | _a610 | ||
| 100 |
_aबाखरू हरिकृष्ण _952037 |
||
| 245 | _aरोगों का प्राकृतिक उपचार | ||
| 260 |
_bज्ञान गंगा _c200 _aनई दिल्ली |
||
| 350 | _a150 | ||
| 650 |
_aMedical Science _952039 |
||
| 942 |
_cHIN _k610 _2ddc |
||
| 999 |
_c18111 _d18111 |
||